Statystyki dla top 100 klubów piłkarskich 2023

Kliknij tutaj aby rozwiązać quiz!

Ogólne statystyki

  • Ten quiz został rozwiązany 363 razy
  • Średni wynik to 13 z 100

Statystyki odpowiedzi

HintOdpowiedź% Poprawnych
1Real Madryt
96%
9Barcelona
84%
2Manchester City
82%
7Manchester United
74%
3Bayern
68%
5Liverpool
65%
11Inter
57%
15Atlético Madryt
55%
36AC Milan
53%
8Juventus
50%
21Tottenham
40%
12Sevilla
39%
6Paris Saint-Germain
31%
13Ajax
29%
83Lech Poznań
27%
10AS Roma
25%
17Villarreal
24%
18Benfica
23%
4Chelsea FC
23%
52Real Sociedad
21%
33Sporting
20%
19FC Porto
19%
48Real Betis
16%
28Atalanta
14%
50Dynamo Kijów
12%
20SSC Napoli
12%
37West Ham United
12%
23FC Arsenal
11%
35Feyenoord
10%
60Monaco
10%
41PSV Eindhoven
10%
44FC Kopenhaga
9%
55Galatasaray
9%
42Lazio Rzym
9%
34Slavia Praga
9%
57Celtic Glasgow
8%
72Leicester City
8%
26Olympique Lyon
8%
30Rangers
7%
16RB Leipzig
7%
87Union Berlin
7%
43Crvena Zvezda
6%
29Dinamo Zagrzeb
6%
24Leverkusen
6%
27RB Salzburg
6%
73Wolfsburg
6%
54Zenit
6%
38AZ Alkmaar
5%
79Bodø/Glimt
5%
95CSKA Moskwa
5%
71Molde
5%
84Spartak Moskwa
5%
32FC Basel
4%
59Fenerbahce
4%
74Lokomotiv Moskwa
4%
67PAOK
4%
45Valencia CF
4%
62Ferencváros
3%
85Rapid Wiedeń
3%
75Viktoria Pilzno
3%
78AC Fiorentina
2%
22Frankfurt
2%
82Hoffenheim
2%
47KAA Gent
2%
63Partizan
2%
40Rennes
2%
39SC Braga
2%
94Wolverhampton
2%
56Basaksehir
1%
100BATE Borysów
1%
14Bor. Dortmund
1%
92Djurgården
1%
88FC Schalke 04
1%
66Krasnodar
1%
86KRC Genk
1%
49LASK
1%
58LOSC Lille
1%
77Ludogorets
1%
64Malmö FF
1%
53Marseille
1%
91OGC Nice
1%
46Olympiacos
1%
93Sivasspor
1%
96Standard Liège
1%
98Apol. Limassol
0%
69Bratislava
0%
51BSC Young Boys
0%
61CFR Cluj
0%
31FC Brügge
0%
65FC Midtjylland
0%
80FC Sheriff
0%
90H. Beer Sheva
0%
76M'gladbach
0%
68Qarabag FK
0%
89Royal Antwerpia
0%
99RSC Anderlecht
0%
25Szachtar Donetsk
0%
70Tel Aviv
0%
81Union SG
0%
97Zaria Ługańsk
0%

Rozkład punktacji

Percentyl według liczby udzielonych odpowiedzi

Procent ludzi z każdym wynikiem

Twoja historia wyników

Nie rozwiązałeś tego quizu